000 00354nam a22001337a 4500
008 170630b xxu||||| |||| 00| 0 eng d
020 _a9780536768087
041 _aeng
080 _a82
100 _a22
101 _aGJL
245 _aINTRODUCTIONTO AMERICAN LITERATURE PEARSON CUSTOM LIBRARY OF AMERICAN LITERATURE
_cBRYANT.J
942 _2udc
_cBK
999 _c19791
_d19791